000 01487cam a2200373M 4500
001 nightbeforechris19922moor
003 CaSfIA
005 20210118193213.0
007 cr||||
008 050505s1992 xx j 000 0 eng d
040 _aUKV3G
_cUKV3G
_dCaSfIA
020 _a1556702744
020 _a9781556702747
035 _a(OCoLC)60289129
100 1 _aMoore, Clement C.
245 1 4 _aThe night before Christmas : a pop-up book /
_h[electronic resource]
_cillustrated by Patti, Joyce.
260 _bStewart, Tabori,
_c28-Oct-92.
300 _bill.
500 _aAvailable from Peters Library Service.
029 1 _aUNITY
_b043333877
029 1 _aUKCEL
_b1556702744
029 1 _aUKGRN
_b1556702744
029 1 _aUKLCL
_b1556702744
029 1 _aUKWIR
_b1556702744
029 1 _aUKSLI
_b1556702744
029 1 _aUKJSY
_b1556702744
029 1 _aUKWLI
_b1556702744
029 1 _aUKPMB
_b1556702744
856 4 1 _uhttp://www.archive.org/details/nightbeforechris19922moor
_zFree eBook from the Internet Archive
856 4 2 _uhttp://www.openlibrary.org/books/OL24215351M
_zAdditional information and access via Open Library
942 _cEB
506 _fНеобхідна авторизація на https://archive.org/ (створення облікового запису безкоштовно)
506 _fНеобхідна авторизація на https://openlibrary.org/ (створення облікового запису безкоштовно)
999 _c530802
_d530802